000 00675nam a22001815i 4500
001 166879
003 ES-MaACL
005 20230906213424.0
008 030327s1897 sp |||| | spa d
040 _aCAM
_bspa
_cCAM
080 _a821.134.2-17"18"
100 1 _aValdivieso y Prieto, Dio Amando.
_9133499
245 1 3 _aEl paria
_b: poema social-satírico /
_coriginal de Dío Amando Valdivieso y Prieto ...
260 _aMadrid :
_b[s.n.],
_c1897 (
_fImprenta de Francisco G. Pérez)
300 _a160 p. ;
_c20 cm.
852 _aES-MaACL
_jFol-Laf-262
_z-- Rust.
_z-- Legado M. de la Fuente
852 _aES-MaACL
_jT-863-F-2
_z-- Enc. hol.
_z-- Enc. en un vol. facticio
999 _c166879
_d166879